00887 2200181 4500001002100000005001500021035002000036245004900056100001200105250001000117300003400127260004300161082001000204084001600214020002200230650001400252520043900266INLIS00000000000015220210226092838 a0010-02210001251 aHujan Rezeki dari Berkebun Sengon /cMarzuki0 aMarzuki acet.1 a108hal. :bilus. ;c14x20.5cm aJawa Barat :bForest Publishing,c2018 a634.9 a634.9 MAR h a978-602-6348-14-2 4aPertanian aNegara Indonesia terkenal sebagai negara penghasil kayu, salah satunya adalah kayu sengon. Hal ini menjadi peluang baru bagi para petani untuk memanfaatkan lahannya dengan ditanami pohon sengon. Banyak orang mengatakan budidaya sengon atau alabasia tidak ubahnya seperti berkebun emas. Prospek penanaman pohon sengon cukup baik. Hal ini disebabkan oleh kebutuhan kayu sengon yang mencapai lebih dari 500 ribu meter kubik per tahunnya.